| 000 | 00869nam a2200229 u 4500 | ||
|---|---|---|---|
| 005 | 20210223130958.0 | ||
| 008 | 090422s2001 r 000 0 eng d | ||
| 020 | _a8480044780 | ||
| 035 | _aUPN01000170273 | ||
| 049 | _aCE | ||
| 050 | 4 |
_aBF576.3 _bL9.2 |
|
| 100 | 1 | _aLynn, Adele B. | |
| 245 | 1 | 0 |
_a50 actividades para desarrollar la inteligencia emocional / _cAdele B. Lynn ; tr. Carmen E. León. |
| 260 |
_aMadrid : _bCentro de Estudios Ramón Areces, _c2001. |
||
| 300 |
_a186 h. : _bil. |
||
| 500 | _aCarpeta con argollas metálicas con hojas tamaño oficio | ||
| 534 |
_pTítulo original: _t50 activities for developing emotional intelligence |
||
| 650 | 4 |
_aINTELIGENCIA EMOCIONAL - _vPROBLEMAS, EJERCICIOS, ETC. _915819 |
|
| 650 | 4 |
_aEXITO EN LOS NEGOCIOS - _vPROBLEMAS, EJERCICIOS, ETC. _915818 |
|
| 650 | 4 |
_aINTELIGENCIA - _xPRUEBAS _96228 |
|
| 905 | _aLibro | ||
| 999 |
_c142378 _d142378 |
||